banner-ar

COMMUNICATING FOR RESULTS: A GUIDE FOR BUSINESS AND THE PROFESSIONS / (Record no. 15933)

MARC details
000 -الفاتح
حقل البيانات ثابتة الطول 00520nam a2200169Ia 4500
008 - عناصر البيانات ثابتة الطول - معلومات عامة
حقل البيانات ثابتة الطول 140319s9999 xx 000 0 eng d
040 ## - مصدر الفهرسة
وكالة الفهرسة الأصلية GCL /
وكالة النسخ GCL
082 04 - رقم تصنيف ديوى العشرى
رقم التصنيف 658.45
رقم المادة H C
100 1# - المدخل الرئيسى - إسم شخصى
الإسم الشخصى HAMILTON, ALEXANDER
245 10 - بيان العنوان
العنوان COMMUNICATING FOR RESULTS: A GUIDE FOR BUSINESS AND THE PROFESSIONS /
بيان المسئوليه,etc HAMILTON, ALEXANDER
700 1# - المدخل الاضافى - اسم شخصى
الإسم الشخصى PARKER, CARDELL
260 ## - PUBLICATION, DISTRIBUTION, ETC. (IMPRINT)
تاريخ النشر أو التوزيع 1996
300 ## - الوصف المادى
التعداد 496 P
650 04 - المدخل الاضافى بالموضوع-مصطلح موضوعى
مصطلح موضوعي COMMUNICATION IN MANAGEMENT
942 ## - عناصر المدخل الإضافي( كوها)
مصدر التصنيف او مخطط الترفيف Dewey Decimal Classification
Koha [default] item type كتاب
260 ## - PUBLICATION, DISTRIBUTION, ETC. (IMPRINT)
-- [S.N] :
-- INTERNATIONAL THOMSON PUBLISHING COMP ،
Holdings
حالة التراجع حالة الفقد حالة تلف ليس للاعارة المكان المؤقت الموقع الحالى تاريخ الاكتساب اجمالي اﻻعارات رقم الطلب الباركود تاريخ اخر مشاهدة تاريخ تفعيل السعر نوع وعاء كوها
        مكتبة القاهرة الكبرى مكتبة القاهرة الكبرى 03/26/2014   658.45\H C 29242 03/26/2014 03/26/2014 كتاب

Powered By

EGPV